Представление документа в формате MARC21

Поле Инд. ПП Название Значение
Тип записи a
Библиографический уровень b
001 Контрольный номер RU/IS/BASE/117212230
005 Дата корректировки 20200608194417.8
084 a Индекс другой классификации/Индекс ББК 88.946; 88.576
100 1_ a Автор Татарова С. П.
q Полное имя Татарова Светлана Петровна
245 a Заглавие Из опыта работы семейной консультационной службы на базе Байкальского благотворительного фонда
650 a Основная рубрика практическая психология (прикладная психология)
a Основная рубрика психология
a Основная рубрика психология семьи
a Основная рубрика психотерапия
a Основная рубрика социальная психология
653 a Ключевые слова Байкальский благотворительный фонд
a Ключевые слова благотворительные фонды
a Ключевые слова дети с ограниченными возможностями
a Ключевые слова консультативная психология
a Ключевые слова коррекционно-реабилитационная работа
a Ключевые слова люди с ограниченными возможностями
a Ключевые слова психологическое консультирование
a Ключевые слова психосоциальная коррекция
a Ключевые слова реабилитационные службы
a Ключевые слова регионы России
a Ключевые слова Россия
a Ключевые слова семейное консультирование
a Ключевые слова центры психосоциальной поддержки
773 t Заглавие источника Вестник психосоциальной и коррекционно-реабилитационной работы
d Дата издания источника 2003
g Прочая информация № 1. - С. 80 - 86 : 4 табл., диагр.
w Контрольный № источника RU/IS/BASE/102006268
901 t Тип документа b